Polnische Sensenmänner
| Titel: | Polnische Sensenmänner : "Gewaltige Kraft, die im Volke steckt" / Daniela Fuchs-Frotscher |
|---|---|
| Verfasser: | |
| In: |
Deutsch-polnische Erinnerungsorte ; 2. Geteilt, gemeinsam, (2014), Seite 311-322 alle Artikel anzeigen |
| Veröffentlicht: | 2014 |
| Umfang: | 1 Illustration |
| Format: | Aufsatz |
| Sprache: | Deutsch |
X
alg: 41767272
001A $03025:10-10-17
001B $01999:10-10-17 $t22:45:07.000
001C $03025:10-10-17 $t14:46:59.000
001D $03025:10-10-17
001U $0utf8
001X $00
002@ $0Aou
002C $aText $btxt $2rdacontent
002D $aohne Hilfsmittel zu benutzen $bn $2rdamedia
002E $aBand $bnc $2rdacarrier
003@ $0417672721
007A $0417672721 $aHEB
010@ $ager
010E $erda
011@ $a2014
021A $aPolnische Sensenmänner $d"Gewaltige Kraft, die im Volke steckt" $hDaniela Fuchs-Frotscher
028A $BVerfasser $4aut $7114120228X $8Fuchs-Frotscher, Daniela$Z1954- [Tp3] $9417672705
031A $h311-322 $j2014
034M $a1 Illustration
039B $aEnthalten in $8--Afu--. Deutsch-polnische Erinnerungsorte ; 2. Geteilt, gemeinsam. - Paderborn {[u.a.] : Schöningh, 2014. - 732 S.. - Ill.. - ISBN 978-3-506-77339-5 $x201400000000000689 $9299792242
044K $RKongresspolen $RWestgalizien $#Generalgouvernement Polen $#Polska $#Rzeczpospolita Polska $#Polska Rzeczpospolita Ludowa $#Poland $#Pologne $#République Polonaise $#Generalne Gubernatorstwo w Polsce $#Polish People's Republic $#Polska Rzeczpospolita Polen $#PRL $#RP $#Polen Generalgouvernement $#Polska Generalgouvernement $#Besetzte Polnische Gebiete $#Besetztes Gebiet in Polen $#Okupowane Polskie Obszary $#Obszary Okupowane w Polsce $#Volksrepublik Polen $#Polska Rosyjska $#Republic Polen $#Respublika Pol'ša $#Pol'skaja Narodnaja Respublika $#République de Pologne $#Polen Links der Weichsel $#Polska po Lewej Stronie Wisły $#Lenkija $#Polija $#Gubernija Carstva Pol'skago $#Republik Polen $74046496-9 $8Polen [Tg1] $9085129801
044K $RPolitische Identität $RGeschichtsbild $RGeschichtsdenken $#Conscience historique $#Geschichtsbewusstsein $#Historisches Bewusstsein $#Geschichtsverständnis Geschichtsbewusstsein $#Geschichtskultur $74020526-5 $8Geschichtsbewusstsein [Ts1] $9085049387
044K $RMythologie $RSage $REntmythologisierung $#Myth $#Mythe $#Miti $#Mito $#Mythos $#Mythe $#Mythem $#Mythus $#Mythisierung $#Mythologisierung $#Mythen $74075159-4 $8Mythos [Ts1] $9085212113
044K $RPolitische Bewegung $RNationalismus $REinheitsbewegung $RUnabhängigkeitsbewegung $#Separatist movements $#Mouvements autonomistes $#Nationale Bewegung $74171210-9 $8Nationalbewegung [Ts1] $9085787388
045R $aGeschichte 1794-2000
lok: 41767272 78
exp: 41767272 78 1 #EPN
201B/01 $010-10-17 $t14:18:31.000
201C/01 $010-10-17
201U/01 $0utf8
203@/01 $01008300632
208@/01 $a10-10-17 $be
209A/01 $a/ $f000 $x00
209A/01 $ab*p $x01
220C/01 $apgar
244Z/01 $#Generalgouvernement Polen $#Polska $#Rzeczpospolita Polska $#Polska Rzeczpospolita Ludowa $#Poland $#Pologne $#République Polonaise $#Generalne Gubernatorstwo w Polsce $#Polish People's Republic $#Polska Rzeczpospolita Polen $#PRL $#RP $#Polen Generalgouvernement $#Polska Generalgouvernement $#Besetzte Polnische Gebiete $#Besetztes Gebiet in Polen $#Okupowane Polskie Obszary $#Obszary Okupowane w Polsce $#Volksrepublik Polen $#Polska Rosyjska $#Republic Polen $#Respublika Pol'ša $#Pol'skaja Narodnaja Respublika $#République de Pologne $#Polen Links der Weichsel $#Polska po Lewej Stronie Wisły $#Lenkija $#Polija $#Gubernija Carstva Pol'skago $#Republik Polen $74046496-9 $8--Tg1--Polen $x01 $9085129801
247C/01 $82080>Marburg/Lahn, Herder-Institut, Forschungsbibliothek, Bibliographieportal $9336309341
| LEADER | 00000caa a2200000 c 4500 | ||
|---|---|---|---|
| 001 | 417672721 | ||
| 003 | DE-603 | ||
| 005 | 20171010224507.0 | ||
| 007 | tu | ||
| 008 | 171010s2014 xx |||| | u00||u|ger c | ||
| 035 | |a (DE-599)HEB417672721 | ||
| 040 | |a DE-603 |b ger |c DE-603 |d DE-603 |e rda | ||
| 041 | |a ger | ||
| 100 | 1 | |a Fuchs-Frotscher, Daniela |d 1954- |e Verfasser |4 aut |0 (DE-603)417672705 |0 (DE-588)114120228X |2 gnd | |
| 245 | 0 | 0 | |a Polnische Sensenmänner |b "Gewaltige Kraft, die im Volke steckt" |c Daniela Fuchs-Frotscher |
| 264 | 0 | |c 2014 | |
| 300 | |b 1 Illustration | ||
| 336 | |a Text |b txt |2 rdacontent | ||
| 337 | |a ohne Hilfsmittel zu benutzen |b n |2 rdamedia | ||
| 338 | |a Band |b nc |2 rdacarrier | ||
| 648 | 7 | |a Geschichte 1794-2000 |2 gnd | |
| 650 | 7 | |a Geschichtsbewusstsein |0 (DE-588)4020526-5 |0 (DE-603)085049387 |2 gnd | |
| 650 | 7 | |a Mythos |0 (DE-588)4075159-4 |0 (DE-603)085212113 |2 gnd | |
| 650 | 7 | |a Nationalbewegung |0 (DE-588)4171210-9 |0 (DE-603)085787388 |2 gnd | |
| 651 | 7 | |a Polen |0 (DE-588)4046496-9 |0 (DE-603)085129801 |2 gnd | |
| 773 | 0 | 8 | |i Enthalten in |t Deutsch-polnische Erinnerungsorte ; 2. Geteilt, gemeinsam |d Paderborn [u.a.] : Schöningh, 2014 |h 732 S., Ill. |z 9783506773395 |g (2014), Seite 311-322 |w (DE-603)299792242 |
| 924 | 0 | |9 2080 |a (DE-603)1008300632 |b DE-2080 |c HES |d d |g / | |


